000 00303nam a22001457a 4500
003 SGT
082 _a370
_bA14G
100 _aGOEL, RAJEEV
245 _aARTHSHASTRA SHIKSHAN
250 _a1ST
260 _aNEW DELHI
_bPRERNA PRAKASHAN
_c2014
300 _a120
650 _aEDUCATION
942 _2ddc
_cBK
999 _c11762
_d11762